Shaggy Discography - Statistics

General Stats
  • This quiz has been taken 4 times
  • The average score is 8 of 18
Answer Stats
Type Year Name % Correct
Album 1995 Boombastic
100%
Album 2000 Hot Shot
75%
Compilation 2008 Best of Shaggy: The Boombastic Collection
50%
Compilation 2003 Boombastic Hits
50%
Album 2005 Clothes Drop
50%
Album 2007 Intoxication
50%
Album 2002 Lucky Day
50%
Album 1997 Midnite Lover
50%
Compilation 2002 Mr. Lover Lover: The Best of Shaggy...Part 1
50%
Album 1994 Original Doberman
50%
Album 1993 Pure Pleasure
50%
Album 2011 Shaggy & Friends
50%
Compilation 2008 The Best of Shaggy
50%
Compilation 2002 Hot Shot: Ultramix
25%
Compilation 2014 SMIX - Mr. Lover Collection
25%
Album 2011 Summer in Kingston
25%
Reissued Compilation 2004 The Essential Shaggy
0%
Compilation 1999 Ultimate Shaggy Collection
0%
No matching quizzes found
Score Distribution
Percent of People with Each Score
Percentile by Number Answered
Your Score History
You have not taken this quiz